LEADER 01779nam0 22003853i 450 001 NAP0495070 005 20251003044253.0 010 $a1402077610 100 $a20100726d2004 ||||0itac50 ba 101 | $aeng 102 $aus 181 1$6z01$ai $bxxxe 182 1$6z01$an 200 1 $aStatic and dynamic performance limitations for high speed D/A converters$fby Anne Van den Bosch, Michiel Steyaert and Willy Sansen 210 $aBoston [etc.]$cKluwer Academic$d2004 215 $aXVI, 218 p.$d25 cm 225 | $aˆThe ‰Kluwer international series in engineering and computer science. Analog circuits and signal processing$v761 300 $aBibliografia: P. [211]-218. 410 0$1001MIL0135737$12001 $aˆThe ‰Kluwer international series in engineering and computer science. Analog circuits and signal processing$v761 606 $aConvertitori elettrici$2FIR$3SBLC022499$9I 676 $a621.3815$9ELETTRONICA. COMPONENTI E CIRCUITI$v14 676 $a621.38159$9CONVERTITORI DA ANALOGICO A DIGITALE E DA DIGITALE AD ANALOGICO$v22 696 $aGruppi convertitori 699 $aConvertitori elettrici$zGruppi convertitori 700 1$aBosch$b, Anne : van den$3NAPV115699$4070$0771110 701 1$aSansen$b, Willy M. C.$3MILV047670$4070$0541921 701 1$aSteyaert$b, Michiel$f <1959->$3UBOV118178$4070$0766817 801 3$aIT$bIT-000000$c20100726 850 $aIT-BN0095 901 $bNAP 01$cSALA DING $n$ 912 $aNAP0495070 950 0$aBiblioteca Centralizzata di Ateneo$c1 v.$d 01SALA DING 621.3815 BOS.st$e 0102 0000056405 VMA A4 1 v.$fY $h20050207$i20050207 977 $a 01 996 $aStatic and dynamic performance limitations for high speed D$91573496 997 $aUNISANNIO